000 00535ntaaa2200193 4500
003 01
005 20251027201254.0
008 0714s1973 ag 01
040 _aAR-BaBN
_bspa
_cAR-BaBN
_eaacr
_dRIC
082 _a220.9500 R35
100 _aRicciotti, José
_910885
245 _aHistoria de Israel
250 _a1 ed. :
_bEditorial Excelsa,
_cc1946
300 _a2 tomos
500 _a"Historia de Israel desde los orígenes al año 135 después de Cristo"
650 _aBiblia-Historia
_94093
650 _aIsrael
_95923
942 _cBK
999 _c7099
_d7099